Normal view
MARC view
- History Of Architecture
Entry Topical Term
001 - CONTROL NUMBER
- control field: 21954
003 - CONTROL NUMBER IDENTIFIER
- control field: OSt
005 - DATE AND TIME OF LATEST TRANSACTION
- control field: 20220803172101.0
008 - FIXED-LENGTH DATA ELEMENTS
- fixed length control field: 220803|| aca||aabn | a|a d
040 ## - CATALOGING SOURCE
- Original cataloging agency: OSt
- Transcribing agency: OSt
150 ## - HEADING--TOPICAL TERM
- Topical term or geographic name entry element: History Of Architecture
670 ## - SOURCE DATA FOUND
- Source citation: Work cat.: (OSt)14363: Khan H U 21953, International Style : Modernist Architecture From 1925 To 1965, 2009